000 00269nam a22001217a 4500
008 181207b xxu||||| |||| 00| 0 eng d
041 _aeng
080 _213 TH
_a330.722
100 _a61
101 _aKON
245 _aAccouting Principles
_cFess.N
942 _2udc
_cBK
999 _c52980
_d52980